Catálogo

VENTAS AL DETALLE (Registro nro. 51158)

Detalles MARC
000 -LEADER
fixed length control field 00930nam a2200217 a 4500
001 - CONTROL NUMBER
control field 51158
005 - DATE AND TIME OF LATEST TRANSACTION
control field 20180714040507.0
008 - FIXED-LENGTH DATA ELEMENTS--GENERAL INFORMATION
fixed length control field 140415s1999 mx 000 0 spa d
020 ## - INTERNATIONAL STANDARD BOOK NUMBER
International Standard Book Number 9701701879
041 ## - LANGUAGE CODE
Language code of text/sound track or separate title spa
082 ## - DEWEY DECIMAL CLASSIFICATION NUMBER
Classification number 658.85
Item number LEW
100 1# - MAIN ENTRY--PERSONAL NAME
Personal name LEWISON, DALE
245 10 - TITLE STATEMENT
Title VENTAS AL DETALLE
250 ## - EDITION STATEMENT
Edition statement 1a ed.
260 ## - PUBLICATION, DISTRIBUTION, ETC.
Place of publication, distribution, etc. MEXICO :
Name of publisher, distributor, etc. PRENTICE HALL HISPANOAMERICANA,
Date of publication, distribution, etc. 1999
300 ## - PHYSICAL DESCRIPTION
Extent 405
Dimensions 21 x 4 x 27
520 ## - SUMMARY, ETC.
Summary, etc. ESTE EXCELENTE LIBRO DE TEXTO NO SOLO CUBRE TODOS LOS TEMAS TRADICIONALES DE VENTAS AL DETALLE, SINO TAMBIEN PROPORCIONA UNA COBERTURA COMPLETA DE TEMAS CONTEMPORANEOS QUE SURGEN COMO FACTORES DETERMINANTES Y QUE SON CLAVE DEL EXITO DE LAS VENTAS AL MENUDEO EN EL FUTURO. ESTOS SON ALGUNOS DE LOS TEMAS MAS ACTUALES EXAMINADOS EN ESTA EDICION:
650 14 - SUBJECT ADDED ENTRY--TOPICAL TERM
Topical term or geographic name entry element COMERCIO MINORISTA
General subdivision MERCADOTECNIA
-- VENTAS
700 1# - ADDED ENTRY--PERSONAL NAME
Personal name SANCHEZ CARRION, MIGUEL ANGEL
Relator term tr.
740 ## - ADDED ENTRY--UNCONTROLLED RELATED/ANALYTICAL TITLE
Uncontrolled related/analytical title RETAILING
Existencias
Withdrawn status Lost status Source of classification or shelving scheme Damaged status Not for loan Collection code Home library Current library Shelving location Date acquired Source of acquisition Inventory number Total Checkouts Full call number Barcode Date last seen Date last checked out Price effective from Koha item type
    Dewey Decimal Classification     General Biblioteca Karol Wojtyla Biblioteca Karol Wojtyla Sala general 03/12/2013 Compra 151000000000000000030099 1 658.85 LEW 76305 05/01/2026 30/10/2018 03/12/2013 Libro